MDQL
is popping MORE tags! Check the
thread
!
Quizzes
Events
Quiz Creation
Community
Videos
Private Events
Remove Ads
Sign In
Join for FREE
Feedback
Dark Mode
Quiz Categories
Sports
Geography
Music
Movies
Television
Just For Fun
Miscellaneous
History
Literature
Language
Science
Gaming
Entertainment
Religion
Holiday
For Kids
Quiz Lab
Recent
Popular Today
Quiz Kudos Today
Editor Picks
Curator Picks
Quizzes by...
Day
Popularity
Type
Ratings
Length
Year
Community
Subscriptions
Recent Discussions
Orange Saloon
Badges
Playlists
Quests
Create
Leaderboards
Showdown
Live 5
Trivia Bingo
Activity
Puzzle Library
Sporcle Events
Private Events
Virtual Trivia
Globe League
Become a Host
Pub Owners
SporcleCon
Opinionation
Our Games
Videos
Blog
Mobile Apps
Partnerships
Remove Ads and Go Orange
Feedback
Sports
Athletes
MLB
NBA
NHL
NFL
Soccer
Sports Teams
WWE
NCAA
Football
Premier League
Basketball
Baseball
Hockey
Golf
Tennis
Cricket
Rugby
Auto Racing
Olympics
World Cup
Sports
Athletes
MLB
NBA
NHL
NFL
Soccer
Sports Teams
WWE
NCAA
Football
Premier League
Basketball
Baseball
Hockey
Golf
Tennis
Cricket
Rugby
Auto Racing
Olympics
World Cup
Random Quiz
Search Sporcle
×
Quiz Lab
Quiz Lab
Sports
State
Type in answers that appear in a list
Type in answers that appear in a list
Classic
Best Score? Go Orange.
NCAA Teams by State Stats
Can you name the NCAA Teams by State?
By
drmobius22
5m
68 Questions
199 Plays
199 Plays
199 Plays
Comments
Comments
Give Quiz Kudos
Give Quiz Kudos
-
- Ratings
hide this ad
Replay
Link that replays current quiz
Next Quiz
Link to next quiz in quiz playlist
You Got
0%
They Got
Avg Score
44%
Avg Friend Score
Upgrade to see
Score Distribution
Jump to the score distribution portion of the page
Score
0/68
Timer
05:00
0
Plays Today
State
Team
% Correct
Texas
Texas
96.5%
Texas
Texas A&M
75.9%
Ohio
Ohio State
66.8%
North Carolina
North Carolina
63.8%
Michigan
Michigan
61.8%
California
UCLA
61.3%
Michigan
Michigan State
61.3%
North Carolina
Duke
60.8%
Kentucky
Kentucky
59.3%
Tennessee
Tennessee
59.3%
Georgia
Georgia
58.3%
Kansas
Kansas
58.3%
Connecticut
Connecticut
56.8%
Wisconsin
Wisconsin
55.8%
Kansas
Kansas State
55.8%
Florida
Florida
55.8%
Arizona
Arizona
54.8%
California
Southern California
54.3%
Pennsylvania
Pittsburgh
54.3%
Washington
Washington
54.3%
Illinois
Illinois
54.3%
South Carolina
Clemson
53.8%
Pennsylvania
Penn State
53.8%
Missouri
Missouri
53.8%
Nevada
Nevada-Las Vegas
53.3%
West Virginia
West Virginia
52.3%
Utah
Brigham Young
51.3%
Florida
Florida State
50.8%
Virginia
Virginia Commonwealth
48.7%
New York
Syracuse
48.2%
Utah
Utah State
48.2%
Maryland (Washington DC)
Georgetown
47.7%
Indiana
Purdue
47.2%
Kentucky
Louisville
46.2%
State
Team
% Correct
Pennsylvania
Villanova
45.7%
Ohio
Cincinnati
43.7%
Tennessee
Memphis
43.7%
Indiana
Notre Dame
43.2%
Pennsylvania
Temple
42.2%
Wisconsin
Marquette
41.7%
New Jersey
Princeton
40.7%
Tennessee
Vanderbilt
40.7%
Washington
Gonzaga
40.2%
California
San Diego State
39.7%
Indiana
Indiana State
38.2%
Alabama
Alabama - Birmingham
37.7%
Virginia
Richmond
37.7%
Virginia
George Mason
37.2%
Alabama
Alabama State
35.7%
Indiana
Butler
35.7%
Ohio
Akron
35.2%
New York
St. John's
33.2%
Ohio
Xavier
32.7%
Arkansas
Arkansas - Little Rock
30.7%
Massachusetts
Boston U
30.7%
Kentucky
Morehead State
29.6%
Michigan
Oakland
28.1%
Texas
Texas - San Antonio
26.1%
Virginia
Old Dominion
25.1%
Colorado
Northern colorado
24.6%
South Carolina
Wofford
23.1%
North Carolina
North Carolina - Asheville
21.6%
Virginia
Hampton
20.1%
Tennessee
Belmont
20.1%
New York
Long Island U
18.6%
California
Cal - Santa Barbara
16.6%
New Jersey
St. Peter's
16.6%
Pennsylvania
Bucknell
15.1%
Quiz Playlist
Details
Report
Send in Message
Add To Playlist
Classic:
Type in answers that appear in a list
Last Updated: Feb 16, 2017
Quiz Scoreboard
CHALLENGE
Sign Up to Join the Scoreboard
Show All
Scores
Hide
Comments
May contain spoilers
Recently Published
Find the 'City' Movie
by crazypaving
Movies
60s
5x2 Blitz: Bands
by SL_Kpop136
Music
30s
Colored Red Africa Blitz
by spor1
Geography
30s
More to Explore
Quiz From the Vault
Featured Blog Post
14 Easter Pick-up Lines to Find Eggs With
hide this ad
You Might Also Like...
Tags
NCAA Quiz
State Quiz
team
Today's Top Quizzes in Sports
Browse Sports
hide this ad
Today's Top Quizzes in State
Browse State
Top Contributed Quizzes in Sports
1
Players with Multiple 50 Home Run Seasons
2
Criteria MLB: Left Handed Sluggers
3
MLB Players with Two .350 Batting Average Seasons
4
Who Hit More Homers?
5
Premier League Clubs since 2000 (minefield)
6
Who Needs Fielders?
7
2020 F1 Drivers Logic Puzzle
8
Les entraîneurs de l'OM et du PSG au 21e siècle
9
Top 10 NHL Goal Scorers of All Time
10
MLB Hall of Famer by Rings
Explore More
Trending Topics
Marvel
Crossword
NBA
Kpop
Harry Potter
Anime
Disney
The Office
Pokémon
Country
Puzzle
WWE
Song
NFL
Soccer
hide this ad
More By:
drmobius22
Quiz
Plays
Rating
Category
Featured
Created
NCAA Teams by State
199
2.00
Sports
Mar 20, 2011
Go to Creator's Profile
Score Distribution
Quiz Creator Spotlight
drmobius22
Follow
Send a Message
Quizzes Created
-
Created Quiz Play Count
-
More By This Creator
Popular Quizzes Today
1
Find the 'City' Movie
2
Colored Red Africa Blitz
3
5x2 Blitz: Bands
4
Find the US States - No Outlines Minefield
5
The Countries of the World
6
Find the US States
7
US States
8
9x9 Crossword: Cartoon Network
More Sports Quizzes
Back-to-Back NCAA Women's Basketball Champions in Order
Published
Trending Quizzes
Colored Red Europe Blitz I
Colored Red Africa Blitz II
Colored Red Europe Blitz II
Colored Red Europe Blitz III
Colored Red Africa Blitz III
Recently Updated
Famous TV Couples
Peacemaker
Champions League XIs: Real Madrid
pecheneg
Largest US Cities 1790-2010
pecheneg
Rides in Walt Disney World
pecheneg
Most Oscar Losses (Acting)
pecheneg
Beyoncé Albums
pecheneg
Leaping Animals
pecheneg
Reality TV Shows (A-Z)
bhenderson79
Rickey Henderson's Hall of Fame Teammates
pecheneg
Champions League XIs: Arsenal
pecheneg
Trending Topics
Crossword
Harry Potter
Kpop
Marvel
Disney
NBA
Anime
Pokémon
The Office
Puzzle
Song
Country
NFL
Soccer
WWE
Your Account Isn't Verified!
In order to create a playlist on Sporcle, you need to verify the email address you used during registration. Go to your
Sporcle Settings
to finish the process.
Report this User
Report this user for behavior that violates our
Community Guidelines
.
Details:
Send Report
Go to the Sporcle.com Mobile Site →
Comments